| 000 | 00686nam a22002177a 4500 | ||
|---|---|---|---|
| 005 | 20170124110245.0 | ||
| 010 | _a215318 | ||
| 020 | _c00.00 | ||
| 035 | _a215318 | ||
| 037 | _bCen Lib/Ret | ||
| 040 |
_aDPL _bEN |
||
| 082 |
_a230.22 _bSAB |
||
| 245 |
_aThe Sabhaparvan : _cedited by Franklin Edgerton _bbeing the second book of the Mahābhārata, the great epic of India / |
||
| 260 |
_aPoona _bBhandarkar Oriental Research Institute _c1944 |
||
| 270 | _bPoona | ||
| 300 |
_alxvii,517p. _c27cm(Hb) |
||
| 650 |
_aMahābhārata. -- Sabhāparva. _997070 |
||
| 650 |
_aSanskriet. _919811 |
||
| 700 |
_aEdgerton, Franklin _997071 |
||
| 942 |
_2ddc _cEN _h230.22 _mSAB |
||
| 999 |
_c135441 _d135441 |
||